| 000 | 01344nam a2200337Ia 4500 | ||
|---|---|---|---|
| 001 | ebr10654737 | ||
| 003 | CaPaEBR | ||
| 006 | m u | ||
| 007 | cr cn||||||||| | ||
| 008 | 091229s2010 nyua sb 001 0 eng d | ||
| 010 | _z 2009054147 | ||
| 020 | _z1607419181 (hardcover) | ||
| 020 | _z9781607419181 (hardcover) | ||
| 020 | _z9781617619113 (ebook) | ||
| 040 |
_aCaPaEBR _cCaPaEBR |
||
| 035 | _a(OCoLC)669496587 | ||
| 050 | 1 | 4 |
_aRC683.8 _b.C367 2010eb |
| 082 | 0 | 4 |
_a616.1/203 _222 |
| 245 | 0 | 0 |
_aCardiac rehabilitation _h[electronic resource] / _cJonathon T. Halliday, editor. |
| 260 |
_aNew York : _bNova Science Publishers, _cc2010. |
||
| 300 |
_axvii, 238 p. : _bill. (some col.). |
||
| 440 | 0 | _aCardiology research and clinical developments series | |
| 504 | _aIncludes bibliographical references and index. | ||
| 533 |
_aElectronic reproduction. _bPalo Alto, Calif. : _cebrary, _d2013. _nAvailable via World Wide Web. _nAccess may be limited to ebrary affiliated libraries. |
||
| 650 | 0 |
_aHeart _xDiseases _xPatients _xRehabilitation. |
|
| 650 | 0 |
_aHeart _xDiseases _xPatients. |
|
| 655 | 7 |
_aElectronic books. _2local |
|
| 700 | 1 | _aHalliday, Jonathon T. | |
| 710 | 2 | _aebrary, Inc. | |
| 856 | 4 | 0 |
_uhttp://site.ebrary.com/lib/rucke/Doc?id=10654737 _zAn electronic book accessible through the World Wide Web; click to view |
| 999 |
_c180437 _d180437 |
||